[Event "Mindelo op"]
[Site "Mindelo"]
[Date "2022.04.23"]
[Round "2"]
[White "Varela la Madrid, Tilsia Carolin"]
[Black "Babo, Miguel Carranca Fei"]
[Result "1-0"]
[WhiteElo "2097"]
[BlackElo "1789"]
[PlyCount "151"]
[EventDate "2022.04.22"]
[EventType "swiss"]
[EventRounds "9"]
[EventCountry "KAP"]
[SourceTitle "CBM 208 Extra"]
[Source "ChessBase"]
[SourceDate "2022.07.31"]
[SourceVersion "1"]
[SourceVersionDate "2022.07.31"]
[SourceQuality "1"]

1. e4 Nc6 2. Nf3 f5 3. exf5 d5 4. d4 Bxf5 5. Bd3 Bg4 6. h3 Bxf3 7. Qxf3 Nf6 8. c3 e6 9. 0-0 Bd6 10. Qe2 Kd7 11. b4 Qe8 12. Re1 Qf7 13. Nd2 Rae8 14. a4 Qh5 15. Nf3 Kc8 16. Bb5 Kd7 17. Bg5 Qf7 18. Bxc6+ bxc6 19. b5 cxb5 20. Qxb5+ Ke7 21. Ne5 Qh5 22. Qd7+ Kf8 23. Bxf6 gxf6 24. Ng4 Qf7 25. Qc6 h5 26. Ne3 Rg8 27. c4 dxc4 28. Nxc4 Rd8 29. Rab1 Rg5 30. Rb7 a5 31. Reb1 Rd5 32. Nxd6 R5xd6 33. Qc5 R8d7 34. Rxc7 Kg7 35. Rxd7 Rxd7 36. Qxa5 Rxd4 37. Qa8 Rd7 38. Qf3 Kh6 39. Qf4+ Kh7 40. Kh2 Qg6 41. Rb6 Qf7 42. Qe4+ f5 43. Qxe6 Qxe6 44. Rxe6 Ra7 45. Re5 Rxa4 46. Rxf5 Kg6 47. Rb5 h4 48. g4 hxg3+ 49. fxg3 Ra2+ 50. Kg1 Ra1+ 51. Kf2 Ra2+ 52. Kf3 Ra3+ 53. Kf4 Ra4+ 54. Ke5 Ra3 55. Rb6+ Kg7 56. Kf4 Ra4+ 57. Kg5 Ra5+ 58. Kh4 Ra4+ 59. g4 Ra5 60. g5 Ra3 61. Kg4 Ra4+ 62. Kh5 Ra7 63. h4 Rc7 64. Rg6+ Kh7 65. Rf6 Kg7 66. Kg4 Rc4+ 67. Rf4 Rc6 68. h5 Rc5 69. h6+ Kg6 70. Rf6+ Kh7 71. Rf7+ Kh8 72. g6 Rc8 73. Kg5 Rc5+ 74. Rf5 Rc8 75. g7+ Kg8 76. Kg6 1-0

[Event "Figueira da Foz op 13th"]
[Site "Figueira da Foz"]
[Date "2019.11.02"]
[Round "8"]
[White "Babo, Miguel Carranca Fei"]
[Black "Almeida, Francisco Rosas"]
[Result "1-0"]
[WhiteElo "1827"]
[BlackElo "1564"]
[PlyCount "91"]
[EventDate "2019.10.27"]
[EventType "swiss"]
[EventRounds "9"]
[EventCountry "POR"]
[SourceTitle "CBM 192 Extra"]
[Source "Chessbase"]
[SourceDate "2019.11.06"]
[SourceVersion "1"]
[SourceVersionDate "2019.11.06"]
[SourceQuality "1"]

1. d4 d5 2. Nf3 c6 3. h3 Nf6 4. b3 Bf5 5. e3 e6 6. Bb2 Be7 7. Be2 0-0 8. Nbd2 Nbd7 9. 0-0 Ne4 10. Nxe4 Bxe4 11. Nd2 Nf6 12. c4 Rc8 13. c5 Bg6 14. b4 Re8 15. a4 a6 16. Nf3 Ne4 17. Ne5 Bh4 18. g3 Bg5 19. h4 Bxe3 20. fxe3 Nxg3 21. Rf4 Nf5 22. Ra3 Nxh4 23. Qe1 Nf5 24. Qf2 f6 25. Nf3 Qc7 26. Qh2 e5 27. dxe5 fxe5 28. Rg4 d4 29. exd4 exd4 30. Qxc7 Rxc7 31. Bc4+ Kh8 32. Bxd4 Nxd4 33. Rxd4 Rce7 34. Kf2 Re4 35. Rxe4 Rxe4 36. Rd3 h6 37. Rd8+ Kh7 38. Bg8+ Kh8 39. Bd5+ Re8 40. Rxe8+ Bxe8 41. Be6 Bg6 42. Ne5 Bc2 43. a5 g5 44. Bc8 Ba4 45. Bxb7 Bb5 46. Nxc6 1-0

[Event "Figueira da Foz op 13th"]
[Site "Figueira da Foz"]
[Date "2019.11.01"]
[Round "6"]
[White "Puglia, Francesco"]
[Black "Babo, Miguel Carranca Fei"]
[Result "1-0"]
[WhiteElo "1916"]
[BlackElo "1827"]
[PlyCount "119"]
[EventDate "2019.10.27"]
[EventType "swiss"]
[EventRounds "9"]
[EventCountry "POR"]
[SourceTitle "CBM 192 Extra"]
[Source "Chessbase"]
[SourceDate "2019.11.06"]
[SourceVersion "1"]
[SourceVersionDate "2019.11.06"]
[SourceQuality "1"]

1. e4 Nc6 2. Nf3 f5 3. exf5 d5 4. d4 Bxf5 5. Bd3 Bxd3 6. Qxd3 e6 7. 0-0 Qd7 8. c3 Be7 9. Re1 0-0-0 10. b4 Bf6 11. a4 Re8 12. a5 Nge7 13. b5 Nd8 14. Bf4 c6 15. bxc6 Nexc6 16. Na3 Nf7 17. Ne5 Bxe5 18. Bxe5 Nfxe5 19. dxe5 a6 20. Nc2 Qc7 21. Nd4 Nxe5 22. Qg3 Nc4 23. Qxc7+ Kxc7 24. Nxe6+ Kd7 25. Nxg7 Rxe1+ 26. Rxe1 Nxa5 27. f4 Nc4 28. f5 Rf8 29. g4 Rf7 30. Ne6 Nd6 31. Rd1 h5 32. h3 hxg4 33. hxg4 Nxf5 34. gxf5 Rxf5 35. Nd4 Rf6 36. Ne2 Kc6 37. Rb1 b5 38. Ra1 Kc5 39. Rd1 a5 40. Nd4 a4 41. Rb1 Rb6 42. Rb4 a3 43. Kf2 a2 44. Ke3 Ra6 45. Nb3+ Kc6 46. Na1 Kc5 47. Kd3 Ra8 48. Kc2 Kc6 49. Kb2 Ra4 50. Rxa4 bxa4 51. Nc2 Kc5 52. Kxa2 Kc4 53. Kb2 Kd3 54. Na3 Kd2 55. Nb5 Kd3 56. Ka3 Kc4 57. Kxa4 Kc5 58. Ka5 Kc6 59. Kb4 Kb6 60. Nd4 1-0

[Event "POR-chT2 final"]
[Site "Leiria"]
[Date "2017.07.22"]
[Round "1.1"]
[White "Quintino, Luis Felipe Pires"]
[Black "Babo, Miguel Carranca Fei"]
[Result "1/2-1/2"]
[WhiteElo "1904"]
[BlackElo "1829"]
[PlyCount "84"]
[EventDate "2017.07.22"]
[EventType "team-tourn"]
[EventRounds "3"]
[EventCountry "POR"]
[SourceTitle "EXT 2018"]
[Source "ChessBase"]
[SourceDate "2017.10.13"]
[SourceVersion "1"]
[SourceVersionDate "2017.10.13"]
[SourceQuality "1"]
[WhiteTeam "Amadora"]
[BlackTeam "Figueirense"]
[WhiteTeamCountry "POR"]
[BlackTeamCountry "POR"]

1. d4 d5 2. Nc3 c6 3. e4 dxe4 4. Nxe4 Bf5 5. Ng3 Bg6 6. Nf3 Nd7 7. Bd3 Ngf6 8. 0-0 e6 9. Re1 Be7 10. Ng5 Bxd3 11. Qxd3 h6 12. N5e4 0-0 13. Nxf6+ Nxf6 14. Ne4 Qc7 15. Nxf6+ Bxf6 16. c3 Rad8 17. Qf3 Rfe8 18. Bxh6 Bxd4 19. Bg5 Rd5 20. Bf4 Be5 21. c4 Ra5 22. b4 Bxf4 23. bxa5 Bxh2+ 24. Kh1 Be5 25. Rad1 Qxa5 26. Qh5 Bc3 27. Qxa5 Bxa5 28. Re5 Bc3 29. Re3 Bb4 30. Red3 b5 31. cxb5 cxb5 32. Rb1 Bc5 33. f3 b4 34. Rc1 Bb6 35. Rb3 a5 36. a3 Rd8 37. axb4 axb4 38. Rxb4 Be3 39. Rcb1 Bf2 40. Rb8 Rxb8 41. Rxb8+ Kh7 42. Rb7 Kg6 1/2-1/2

[Event "Dieppe op 09th"]
[Site "Dieppe"]
[Date "2013.08.27"]
[Round "4"]
[White "Haub, Thorsten Michael"]
[Black "Babo, Miguel Carranca Fei"]
[Result "1-0"]
[WhiteElo "2471"]
[BlackElo "1862"]
[PlyCount "63"]
[EventDate "2013.08.26"]
[EventType "swiss"]
[EventRounds "9"]
[EventCountry "FRA"]
[SourceTitle "EXT 2014"]
[Source "ChessBase"]
[SourceDate "2013.11.20"]
[SourceVersion "1"]
[SourceVersionDate "2013.11.20"]
[SourceQuality "1"]

1. g3 Nf6 2. Bg2 d5 3. d3 e6 4. Nf3 c5 5. 0-0 Nc6 6. Nbd2 Qc7 7. e4 Be7 8. Re1 d4 9. e5 Nd5 10. Ne4 h6 11. h4 Bd7 12. Bd2 0-0-0 13. c4 Ndb4 14. Bf4 Rdg8 15. Qd2 Qd8 16. a3 Na6 17. Reb1 Qf8 18. b4 Nd8 19. bxc5 g5 20. hxg5 hxg5 21. Bxg5 Bxg5 22. Nfxg5 Nxc5 23. Qb4 Nxe4 24. Nxe4 Qxb4 25. axb4 Kb8 26. b5 Rh6 27. Nf6 Rxf6 28. exf6 Rg6 29. c5 Rxf6 30. c6 Bc8 31. Rc1 bxc6 32. bxc6 1-0

[Event "Figueira da Foz op 7th"]
[Site "Figueira da Foz"]
[Date "2010.11.06"]
[Round "8.24"]
[White "Babo, Miguel Carranca Fei"]
[Black "Monteiro, Sara Cristina da Si"]
[Result "0-1"]
[WhiteElo "1925"]
[BlackElo "1818"]
[PlyCount "80"]
[EventDate "2010.10.31"]
[EventType "swiss"]
[EventRounds "9"]
[EventCountry "POR"]
[SourceTitle "EXT 2011"]
[Source "ChessBase"]
[SourceDate "2010.11.26"]
[SourceVersion "1"]
[SourceVersionDate "2010.11.26"]
[SourceQuality "1"]

1. e4 d5 2. exd5 Qxd5 3. Nc3 Qa5 4. Bc4 Nf6 5. d3 Bg4 6. Nge2 c6 7. 0-0 e6 8. f3 Bh5 9. Ng3 Bg6 10. Bd2 Qc7 11. f4 h5 12. f5 Bc5+ 13. Kh1 h4 14. fxg6 hxg3 15. h3 b5 16. Bb3 fxg6 17. Qe2 e5 18. Ne4 Nbd7 19. Bg5 Bb6 20. Nxf6+ gxf6 21. Bxf6 Nxf6 22. Rxf6 0-0-0 23. Qe4 Kb7 24. a4 Rd6 25. Rxd6 Qxd6 26. axb5 Qf6 27. bxc6+ Kc7 28. Re1 Rf8 29. Qe2 g5 30. Bd5 g4 31. c3 Qf5 32. Be4 Qe6 33. Rf1 Bf2 34. d4 gxh3 35. Qh5 Qf6 36. Qh7+ Rf7 37. Qh5 exd4 38. cxd4 Re7 39. Bf3 Qxd4 40. Rd1 Qxd1+ 0-1

[Event "Figueira da Foz op 5th"]
[Site "Figueira da Foz"]
[Date "2008.11.30"]
[Round "1"]
[White "Kovalyov, Anton"]
[Black "Babo, Miguel Carranca Fei"]
[Result "1-0"]
[WhiteElo "2571"]
[BlackElo "1963"]
[PlyCount "77"]
[EventDate "2008.11.30"]
[EventType "swiss"]
[EventRounds "9"]
[EventCountry "POR"]
[SourceTitle "CBM 127 Extra"]
[Source "ChessBase"]
[SourceDate "2009.01.08"]
[SourceVersion "2"]
[SourceVersionDate "2009.01.28"]
[SourceQuality "1"]

1. c4 c5 2. Nf3 Nc6 3. Nc3 g6 4. e3 Bg7 5. d4 d6 6. Be2 Nf6 7. 0-0 0-0 8. b3 Bf5 9. Bb2 Ne4 10. Rc1 Nb4 11. Nxe4 Bxe4 12. a3 Nc6 13. Bc3 a5 14. Ng5 Bf5 15. d5 Nb8 16. e4 Bc8 17. f4 h6 18. Nf3 Bg4 19. Nd2 Bxe2 20. Qxe2 b6 21. e5 Qc8 22. Kh1 Na6 23. Ne4 dxe5 24. fxe5 Ra7 25. Rf3 Nb8 26. Rcf1 Qe8 27. e6 f6 28. a4 Na6 29. g4 Nb4 30. Ng3 Ra8 31. h4 Rd8 32. Qe4 Kh8 33. h5 g5 34. Nf5 Na2 35. Ba1 Nb4 36. d6 Rxd6 37. Nxd6 exd6 38. e7 Rf7 39. Rxf6 1-0

[Event "Leiria op"]
[Site "Leiria"]
[Date "2006.07.16"]
[Round "?"]
[White "Babo, Miguel Carranca Fei"]
[Black "Rodrigues, Pedro Filipe Alexan"]
[Result "1-0"]
[WhiteElo "1966"]
[BlackElo "2013"]
[PlyCount "49"]
[EventDate "2006.07.14"]
[EventType "swiss"]
[EventRounds "5"]
[EventCountry "POR"]
[SourceTitle "EXT 2008"]
[Source "ChessBase"]
[SourceDate "2007.11.25"]
[SourceVersion "1"]
[SourceVersionDate "2007.11.25"]
[SourceQuality "1"]

1. d4 Nf6 2. Nf3 g6 3. c4 Bg7 4. Nc3 0-0 5. g3 d6 6. Bg2 Nbd7 7. 0-0 c5 8. e4 Rb8 9. h3 cxd4 10. Nxd4 Ne5 11. b3 Nfd7 12. Be3 h6 13. f4 Nc6 14. Nxc6 bxc6 15. Rc1 Qc7 16. Kh2 Rd8 17. Qe2 Qa5 18. Na4 c5 19. Bd2 Qc7 20. Qe1 Re8 21. Nc3 Bb7 22. Nd5 Bxd5 23. cxd5 Ra8 24. Qf2 Bd4 25. Qxd4 1-0

[Event "Figueira da Foz op 2nd"]
[Site "Figueira da Foz"]
[Date "2005.11.03"]
[Round "7"]
[White "Babo, Miguel Carranca Fei"]
[Black "Maltez, Nuno Manuel Fidalgo"]
[Result "0-1"]
[WhiteElo "1976"]
[BlackElo "2052"]
[PlyCount "98"]
[EventDate "2005.10.29"]
[EventType "swiss"]
[EventRounds "9"]
[EventCountry "POR"]
[SourceTitle "EXT 2006"]
[Source "ChessBase"]
[SourceDate "2005.11.24"]
[SourceVersion "1"]
[SourceVersionDate "2005.11.24"]
[SourceQuality "1"]

1. d4 f5 2. Bg5 g6 3. Nd2 Bg7 4. e4 fxe4 5. Nxe4 d5 6. Nc5 Qd6 7. Nf3 Nd7 8. Nb3 Ngf6 9. Bd3 0-0 10. Qe2 c5 11. c4 cxd4 12. cxd5 Nxd5 13. 0-0 e5 14. Nfd2 b6 15. Nc4 Qb8 16. f4 Nxf4 17. Bxf4 exf4 18. Qe6+ Kh8 19. Nd6 Ne5 20. Nxc8 Qxc8 21. Qxc8 Raxc8 22. Ba6 Rcd8 23. Rad1 Ng4 24. Rf3 Ne3 25. Rd2 g5 26. g3 fxg3 27. Rxf8+ Bxf8 28. hxg3 Bc5 29. Bd3 h5 30. Rh2 h4 31. gxh4 g4 32. Rf2 Kg7 33. h5 Nd5 34. a3 Rh8 35. Rf5 Ne3 36. Re5 Kf6 37. Re4 Rxh5 38. Nxd4 Nf5 39. Re6+ Kf7 40. Bc4 Bxd4+ 41. Kg2 Kg7 42. Be2 Rg5 43. Rc6 Bxb2 44. Rc7+ Kf6 45. Rxa7 g3 46. Ra6 Bd4 47. a4 Ke5 48. a5 Ne3+ 49. Kg1 g2 0-1

[Event "POR-chT2"]
[Site "Portugal"]
[Date "2005.04.05"]
[Round "?"]
[White "Babo, Miguel Carranca Fei"]
[Black "Castro, Elio Campos"]
[Result "0-1"]
[WhiteElo "2047"]
[BlackElo "1956"]
[PlyCount "96"]
[EventDate "2005.01.??"]
[EventType "team"]
[EventRounds "7"]
[EventCountry "POR"]
[SourceTitle "EXT 2006"]
[Source "ChessBase"]
[SourceDate "2005.11.24"]
[SourceVersion "1"]
[SourceVersionDate "2005.11.24"]
[SourceQuality "1"]

1. d4 e6 2. Nf3 Nf6 3. g3 c5 4. Bg2 d5 5. c4 Nc6 6. b3 dxc4 7. bxc4 cxd4 8. 0-0 Bc5 9. Qa4 0-0 10. Rd1 Qb6 11. Qb5 e5 12. Nfd2 Bg4 13. Qxb6 axb6 14. Bf3 Be6 15. a4 Ra7 16. Nb3 Bxc4 17. N1d2 Bd5 18. Bxd5 Nxd5 19. Ne4 Be7 20. Bb2 Rfa8 21. e3 f5 22. Ned2 dxe3 23. Nc4 exf2+ 24. Kxf2 Rxa4 25. Rxd5 Rxa1 26. Bxa1 Ra2+ 27. Ncd2 Bb4 28. Ke2 Na5 29. Nxa5 bxa5 30. Bxe5 a4 31. Bf4 a3 32. Kd1 Bc3 33. Rd8+ Kf7 34. Rd7+ Ke6 35. Rxb7 h6 36. h4 Rb2 37. Rxb2 Bxb2 38. Kc2 Be5 39. Kb3 Bxf4 40. gxf4 Kd5 41. Kxa3 Kd4 42. Nb3+ Ke3 43. Nc5 Kxf4 44. Ne6+ Kg4 45. Nxg7 f4 46. Ne8 f3 47. Nf6+ Kxh4 48. Ne4 Kh3 0-1

[Event "Pinamar IRT Orosco"]
[Site "Pinamar"]
[Date "2005.03.11"]
[Round "4"]
[White "Babo, Miguel Carranca Fei"]
[Black "Lopez Gonzalez, Daniel"]
[Result "0-1"]
[WhiteElo "2047"]
[BlackElo "2128"]
[PlyCount "134"]
[EventDate "2005.03.08"]
[EventType "tourn"]
[EventRounds "11"]
[EventCountry "ARG"]
[SourceTitle "CBM 105 Extra"]
[Source "ChessBase"]
[SourceDate "2005.05.01"]
[SourceVersion "1"]
[SourceVersionDate "2005.05.01"]
[SourceQuality "1"]

1. d4 Nf6 2. Nf3 g6 3. c3 Bg7 4. g3 0-0 5. Bg2 d6 6. 0-0 Nbd7 7. Re1 e5 8. dxe5 dxe5 9. Bg5 h6 10. Bxf6 Qxf6 11. Qb3 Nc5 12. Qc4 Qe7 13. Nh4 Kh7 14. b4 Na4 15. Qb3 Nb6 16. e4 Be6 17. Qc2 a5 18. a3 Rfd8 19. Nd2 Qd7 20. Red1 Qd3 21. Qc1 Na4 22. c4 Qc3 23. Ndf3 axb4 24. axb4 Rxd1+ 25. Qxd1 Nb2 26. Qc1 Rxa1 27. Qxa1 Qxb4 28. c5 Nd3 29. c6 bxc6 30. Qd1 Nc5 31. Qc2 Qc4 32. Qxc4 Bxc4 33. Nd2 Bd3 34. g4 Bf6 35. Nhf3 Nxe4 36. Nxe4 Bxe4 37. Ng5+ Bxg5 38. Bxe4 c5 39. Bd5 Kg7 40. f3 Be3+ 41. Kf1 f5 42. Ke2 Bd4 43. h3 Kf6 44. Kd3 Kg5 45. Be6 Kf4 46. Ke2 e4 47. fxe4 fxg4 48. hxg4 Kxe4 49. Bf7 g5 50. Kd1 Kf4 51. Be6 Kf3 52. Kd2 Kg3 53. Kd3 Kh4 54. Ke4 h5 55. gxh5 Kxh5 56. Kf3 Kg6 57. Kg4 Kf6 58. Bg8 Bc3 59. Kf3 Ke5 60. Bf7 Kd4 61. Bg6 Bd2 62. Ke2 Kc3 63. Kd1 c4 64. Bf5 Bf4 65. Be6 c6 66. Bf5 Kb2 67. Ke2 c3 0-1

[Event "Pinamar IRT Orosco"]
[Site "Pinamar"]
[Date "2005.03.08"]
[Round "1"]
[White "Babo, Miguel Carranca Fei"]
[Black "Samur, Arturo"]
[Result "0-1"]
[WhiteElo "2047"]
[BlackElo "2164"]
[PlyCount "98"]
[EventDate "2005.03.08"]
[EventType "tourn"]
[EventRounds "11"]
[EventCountry "ARG"]
[SourceTitle "CBM 105 Extra"]
[Source "ChessBase"]
[SourceDate "2005.05.01"]
[SourceVersion "1"]
[SourceVersionDate "2005.05.01"]
[SourceQuality "1"]

1. d4 e6 2. Nf3 d5 3. g3 Nf6 4. Bg2 Be7 5. c4 0-0 6. 0-0 c6 7. cxd5 exd5 8. Bf4 Nbd7 9. a3 Re8 10. Nc3 Nf8 11. Qc2 Ne6 12. Bd2 g6 13. Rfd1 Ng7 14. Bf4 Bf5 15. Qb3 Qb6 16. Qxb6 axb6 17. Ne5 b5 18. f3 Ne6 19. e4 Nxf4 20. gxf4 Be6 21. Nd3 Red8 22. e5 Nh5 23. Ne2 Ra4 24. b3 Ra7 25. a4 bxa4 26. bxa4 Rda8 27. Nb2 b5 28. Rdc1 Bd7 29. f5 Bg5 30. Rc3 Bd2 31. Rd3 Bb4 32. Bh3 bxa4 33. e6 fxe6 34. fxe6 Be8 35. f4 a3 36. Nd1 c5 37. f5 Bb5 38. Re3 cxd4 39. Nxd4 Ba4 40. Bg2 Nf6 41. Kh1 a2 42. Nb2 Bc5 43. Rd3 Ne4 44. Bxe4 dxe4 45. Rd2 e3 46. Rd3 e2 47. Nxa4 Bxd4 48. Rxd4 Rxa4 49. e7 Rxd4 0-1

[Event "Nazare op 2nd"]
[Site "Nazare"]
[Date "2002.02.21"]
[Round "5.1"]
[White "Babo, Miguel Carranca Fei"]
[Black "Cordeiro, Vitor Louro"]
[Result "0-1"]
[WhiteElo "2076"]
[BlackElo "2387"]
[PlyCount "92"]
[EventDate "2002.01.24"]
[EventType "swiss"]
[EventRounds "5"]
[EventCountry "POR"]
[SourceTitle "EXT 2003"]
[Source "ChessBase"]
[SourceDate "2002.11.25"]
[SourceVersion "1"]
[SourceVersionDate "2002.11.25"]
[SourceQuality "1"]

1. d4 d5 2. Nf3 e6 3. e3 c5 4. b3 Nf6 5. Bd3 Nc6 6. a3 cxd4 7. exd4 Bd6 8. 0-0 0-0 9. Bb2 Bd7 10. Nbd2 Rc8 11. Ne5 Be8 12. Ndf3 h6 13. Qe2 Nd7 14. Ng6 Bxh2+ 15. Nxh2 fxg6 16. Qxe6+ Bf7 17. Qh3 Nf6 18. Ng4 Nh5 19. g3 Qd6 20. Ne5 Rce8 21. Rae1 Nxe5 22. dxe5 Qe6 23. Qh4 g5 24. Qh2 Bg6 25. Be2 g4 26. Qh4 Rf3 27. c4 Kh7 28. Rd1 dxc4 29. bxc4 Ref8 30. Rd6 Qf5 31. Bxf3 Qxf3 32. Qh1 Qb3 33. Rxg6 Nxg3 34. fxg3 Rxf1+ 35. Kxf1 Qd1+ 36. Kg2 Qc2+ 37. Kf1 Qb1+ 38. Kg2 Qxb2+ 39. Kg1 Qc1+ 40. Kh2 Qxh1+ 41. Kxh1 Kxg6 42. Kg2 Kf5 43. Kf2 Kxe5 44. Ke3 g5 45. a4 h5 46. c5 Kd5 0-1

[Event "POR-ch57"]
[Site "Lisbon"]
[Date "2001.09.05"]
[Round "5.19"]
[White "Baptista, Ana Filipa"]
[Black "Babo, Miguel Carranca Fei"]
[Result "1-0"]
[WhiteElo "2000"]
[BlackElo "2076"]
[PlyCount "101"]
[EventDate "2001.09.05"]
[EventType "swiss"]
[EventRounds "9"]
[EventCountry "POR"]
[SourceTitle "EXT 2002"]
[Source "ChessBase"]
[SourceDate "2001.11.25"]
[SourceVersion "1"]
[SourceVersionDate "2001.11.25"]
[SourceQuality "1"]

1. e4 c5 2. Nf3 Nf6 3. Nc3 e6 4. d4 cxd4 5. Nxd4 a6 6. e5 Nd5 7. Nxd5 exd5 8. Nf5 d6 9. Nxd6+ Bxd6 10. exd6 Qxd6 11. Bd3 0-0 12. 0-0 Nc6 13. Qh5 g6 14. Qh4 Re8 15. Bf4 Qb4 16. Rab1 Ne5 17. c3 Qa4 18. Qf6 Re6 19. Qd8+ Kg7 20. Qh4 Qe8 21. Bh6+ Kg8 22. Qd4 f6 23. Qxd5 Bd7 24. Bc4 Nxc4 25. Qxc4 Bb5 26. Qb3 Bxf1 27. Re1 Kf7 28. Rxe6 Qb5 29. Rb6+ Qxb3 30. axb3 Bd3 31. Rxb7+ Ke6 32. Be3 h5 33. Rb6+ Kf5 34. Rd6 Bc2 35. Bd4 Re8 36. Rxf6+ Kg5 37. h4+ Kh6 38. Rf7 Rg8 39. Bf6 g5 40. hxg5+ Kg6 41. Ra7 Bxb3 42. Rxa6 Kf5 43. Rb6 Bc2 44. b4 Re8 45. Rb5+ Kg6 46. Re5 Ra8 47. b5 Ra1+ 48. Kh2 Rb1 49. Bd8 Rd1 50. Bc7 Rd2 51. b6 1-0